| 000 | 00879cam a22002655a 4500 | ||
|---|---|---|---|
| 001 | 15936342 | ||
| 005 | 20151201110001.0 | ||
| 008 | 091008s2010 enka frb 001 0 eng d | ||
| 020 | _a0470035870 | ||
| 020 | _a9780470035870 | ||
| 040 |
_aDLC _cDLC _dEG-ScBUE _beng |
||
| 082 | 0 | 4 |
_a003.3 _222 _bNET |
| 245 | 0 | 0 |
_aNetwork modeling and simulation : _ba practical perspective / _cMohsen Guizani ... [et al.] |
| 260 |
_aWest Sussex : _bJohn Wiley & Sons Ltd, _c2010. |
||
| 300 |
_axiii, 281 p. : _bill. ; _c26 cm. |
||
| 500 | _aIndex : p. 273-281. | ||
| 504 | _aIncludes bibliographical references. | ||
| 650 | 0 |
_aSimulation methods. _2BUEsh |
|
| 650 | 0 |
_aMathematical models. _2BUEsh |
|
| 650 | 0 |
_aNetwork analysis (Planning) _xMathematics. _2BUEsh |
|
| 651 | _2BUEsh | ||
| 653 |
_bCOMSCI _cAugust2015 _cDecember2015 |
||
| 700 | 1 | _aGuizani, Mohsen. | |
| 942 |
_2ddc _k003.3 NET |
||
| 999 |
_c20594 _d20566 |
||